00257nam a2200097Ia 4500008004100000100001600041245005100057260003300108300001000141650000800151191201s2006 xx 000 0 und d aGUPTA, C.B. 0aEntrepreneurship and Small Business Management aN. DelhibSultan chandc2006 aMise. aMBA